|
|
|
|
| LEADER |
00940nam a2200241 a 4500 |
| 001 |
GR-MES13210 |
| 008 |
070926s gr b 001 0 gre d |
| 020 |
|
|
|a 8125901264
|
| 040 |
|
|
|a GrPaTEI
|b gre
|c GR-PaULI
|
| 040 |
|
|
|a GrPaTEI
|b gre
|c GR-PaULI
|
| 082 |
|
0 |
|a 597.04
|2 21
|
| 245 |
0 |
0 |
|a Anatomy and physiology of fishes /
|c Santosh Kumar ; Maniu Tembhre.
|
| 260 |
|
|
|a New Delhi :
|b Vikas publishing House,
|c c1996
|
| 300 |
|
|
|a vii , 275σ. :
|b εικ.
|
| 504 |
|
|
|a Περιλαμβάνει βιβλιογραφίες και ευρετήρια.
|
| 650 |
|
0 |
|a Fishes
|x Anatomy
|
| 650 |
|
0 |
|a Fishes
|x Physiology
|
| 700 |
0 |
|
|a Kumar Santosh
|
| 700 |
0 |
|
|a Tembhre Manju
|
| 942 |
|
|
|2 ddc
|
| 952 |
|
|
|0 0
|1 0
|2 ddc
|4 0
|6 597_040000000000000_KUM
|7 0
|9 271720
|a MSLG
|b MSLG
|c BSC
|d 2021-01-17
|e 24
|f 1
|g 0.00
|l 0
|o 597.04 KUM
|p 2420000019769
|r 2024-06-11 00:00:00
|t 1
|w 2021-01-17
|y BK15
|x 20070926 0 1
|x GrPaTEI
|
| 971 |
|
|
|a .b25792581
|b 15-04-20
|c 13-09-16
|
| 999 |
|
|
|c 157005
|d 157005
|